|
|
|
|
| LEADER |
00867nam a2200229 a 4500 |
| 008 |
100104s1998 enka b 001 0 eng d |
| 020 |
|
|
|a 0412798603 (Softcover)
|
| 020 |
|
|
|a 9780412798603 (Softcover)
|
| 040 |
|
|
|a DLC
|c DLC
|d DLC
|d BD-DhAAL
|
| 082 |
0 |
0 |
|a 538
|2 20
|
| 100 |
1 |
|
|a Jiles, David.
|
| 245 |
1 |
0 |
|a Introduction to magnetism and magnetic materials /
|c David Jiles.
|
| 250 |
|
|
|a 2nd ed.
|
| 260 |
|
|
|a London ;
|a New York :
|b Taylor and Francis,
|c 1998.
|
| 300 |
|
|
|a xxvii, 536 p. :
|b ill. ;
|c 24 cm.
|
| 504 |
|
|
|a Includes bibliographical references and indexes.
|
| 541 |
1 |
|
|e 00019717
|
| 650 |
|
0 |
|a Magnetism.
|
| 650 |
|
0 |
|a Magnetic materials.
|
| 852 |
4 |
|
|a Ayesha Abed Library
|j General shelf
|
| 999 |
|
|
|c 6678
|d 6678
|
| 952 |
|
|
|0 0
|1 0
|2 ddc
|4 0
|6 538_JIL_199800000000000
|7 0
|9 6847
|a BRACUL
|b BRACUL
|c GEN
|d 2010-01-04
|l 1
|o 538 JIL
|p 3010019717
|r 2026-05-21
|s 2026-05-18
|t 1
|w 2010-01-04
|y BK
|